00241nam a22000977a 4500020001500000082000800015100002500023245004100048260004500089300000900134 a019547077X a150 aGillian Butler et al aPsychology a very short introduction aNew YorkbOxford university pressc2000. a161p